IFM Opac

Multinational Business Finance (Record no. 22133)

MARC details
000 -LEADER
fixed length control field 00382nam a22001577a 4500
020 ## - INTERNATIONAL STANDARD BOOK NUMBER
ISBN 978-1-292-44596-0
082 ## - DEWEY DECIMAL CLASSIFICATION NUMBER
Classification number 658.1599
100 ## - MAIN ENTRY--AUTHOR NAME
Personal name Eiteman, David K.
245 ## - TITLE STATEMENT
Title Multinational Business Finance
250 ## - EDITION STATEMENT
Edition statement 16th
260 ## - PUBLICATION, DISTRIBUTION, ETC. (IMPRINT)
Place of publication Harlow:
Name of publisher Pearson,
Year of publication 2024
300 ## - PHYSICAL DESCRIPTION
Number of Pages 594p.: ill.; 26cm
700 ## - ADDED ENTRY--PERSONAL NAME
Personal name Stonehill, Arthur I.
700 ## - ADDED ENTRY--PERSONAL NAME
Personal name Moffett, Michael H.
942 ## - ADDED ENTRY ELEMENTS (KOHA)
Koha item type Books
Holdings
Withdrawn status Lost status Damaged status Not for loan Collection code Permanent Location Current Location Shelving location Date acquired Source of acquisition Full call number Accession Number Price effective from Koha item type
        Non-fiction IFM Main Campus Library IFM Main Campus Library Work Room processing 01/13/2026 Purchasd 658.1599 EIT 0000030509 01/13/2026 Books
        Non-fiction IFM Main Campus Library IFM Main Campus Library Work Room processing 01/13/2026 Purchasd 658.1599 EIT 0000030508 01/13/2026 Books
        Non-fiction IFM Main Campus Library IFM Main Campus Library Work Room processing 01/13/2026 Purchased 658.1599 EIT 0000030507 01/13/2026 Books